000 00550nam a2200193 a 4500
005 20140310183319.0
008 060106s19uu xx 00 eng d
020 _a1761507523
050 _aQA 76.76.O63
_b.C7246 1996
100 _aCravens, Richard
245 _aThe essential Windows NT book /
_cRichard Cravens.
260 _aCalifornia :
_bPrima Publishing,
_c1996.
300 _a432 p. :
_bill. ;
_c23 cm.
521 _aIT
650 _aMS Windows NT.
650 _aOperating systems (Computers).
942 _cBK
_2lcc
_kFOR
999 _c21339
_d21339